00712nam a2200181 4500008004100000082001600041110001200057245006900069260003900138300002600177650003800203650003900241650003600280942000700316952009600323952009600419999001500515231203b |||||||| |||| 00| 0 eng d a305.48bMUS aMusawah aHome truths : ba global report on equality in the Muslim family aSelangor:bSisters in Islam,c2009 a 62 p. : maps ; 25 cm aDomestic relations- (Islamic law) aEquality- Religious aspects- Islam aMuslim women- Social conditions cRP 00102ddc4070aMAINbMAINd2023-12-03l0o305.48 MUSpRAF3291r2023-12-03w2023-12-03yRP 00102ddc4070aMAINbMAINd2023-12-13l0o305.48 MUSpRAF4539r2023-12-13w2023-12-13yRP c4280d4280